000 01016nam a2200277 i 4500
001 12355
003 KOSZ 005
005 20211203131601.0
008 070620s1969 pl a f 000 0 pol
015 _aPB 1970/2123
040 _aWA N
_cKOSZ 005/RW
_dKOSZ 005/RW
041 1 _apol
_heng
080 _a371.64/.69:65.001
100 1 _aCram, David.
_eAutor
245 1 0 _aMaszyny i programowanie dydaktyczne /
_cDawid Cram : [tł. z ang. Mieczysław Stryjecki].
246 1 _iTyt. oryg.:
_aExplaining teaching machines and progamming.
260 _aWarszawa ;
_bPaństwowe Wydawnictwo Naukowe,
_c1969.
300 _aXIV k., 84, [1] s. :
_bil. ;
_c 18cm.
380 _aKsiążki.
504 _aBibliogr. s. 84-[85].
650 4 _aNauczanie programowane
700 1 _aStryjecki, Mieczysław.
_eTłumaczenie
710 2 _aPaństwowe Wydawnictwo Naukowe
_4pbl.
856 _uhttp://koha.tu.koszalin.pl/cgi-bin/koha/opac-detail.pl?biblionumber=12355
_yKatalog online BPK
942 _2UKD
_cKS
999 _c12355
_d12355